| 000 | 00869aam a2200301 i 4500 | ||
|---|---|---|---|
| 001 | 768714001 | ||
| 003 | CO-MdFUSB | ||
| 005 | 20250901112506.0 | ||
| 007 | ta | ||
| 008 | 250901t1968 ag |||| |||| 00| 0 spa d | ||
| 040 | _cCO-MdFUSB | ||
| 041 | 0 | _aspa | |
| 082 | 0 | 4 |
_223 _a249.6 _bB7894v |
| 100 | 1 |
_aBoyd, Malcolm (1923-) _eautor |
|
| 240 | _aAre You running with me, Jesus? | ||
| 245 | 1 | 0 |
_a¿Vienes conmigo Jesus? _c/ Malcolm Boyd ; traducido por Adam F. Sosa |
| 264 | 1 |
_bLa Aurora, _aBuenos Aires, Argentina : _c[1968] |
|
| 264 | 4 | _c©1968 | |
| 300 | _a125 páginas | ||
| 336 |
_atexto _btxt _2rdacontent |
||
| 337 |
_2rdamedia _asin mediación _bn |
||
| 338 |
_2rdacarrier _avolumen _bnc |
||
| 563 | _aRústico | ||
| 650 | 7 |
_aSantos _vOraciones _2embne _97116 |
|
| 700 |
_aSosa, Adam F. _94793 _etraductor |
||
| 942 | _cBK | ||
| 945 | _aJTF-925 | ||
| 999 |
_c36337 _d36337 |
||